000 00759nam a22002055i 4500
001 102837
003 ES-MaACL
005 20230906183209.0
007 t|
008 950926s1880 sp ||||1| spa d
040 _aCAM
_bspa
_cCAM
110 2 _aAcademia Médico-Quirúrgica Española.
_91209
245 1 0 _aMemoria leída en la sesión inaugural del año académico de 1880-81 en la Academia Médico-Quirúrgica Española /
_cpor Antonio Espina y Capo.
260 _aMadrid :
_b[s.n.],
_c1880 (
_fImpr. de Enrique Teodoro)
300 _a16 p. ;
_c22 cm.
610 2 4 _aAcademia Médico-Quirúrgica Española-
_vMemorias.
_9157461
700 1 _aEspina y Capo, Antonio,
_d1850-1930
_947840
852 _aES-MaACL
_jT-428-F-5
999 _c102837
_d102837